000 00366nam a2200133Ia 4500
005 20260328104245.0
008 260328s9999||||xx |||||||||||||| ||und||
100 _aKauffmann Doig, Federico
245 0 _aInfluencia "Inca"en la Arquitectura Peruana /
_cFederico Kauffmann Doig
260 _bUniversidad de Lima
300 _a94 p.
650 _aTEORÍA
942 _cBK
999 _c10042
_d10042